Guess the 1970s song lyrics #182 - Statistics

General Stats
  • This quiz has been taken 12 times
  • The average score is 121 of 160
Answer Stats
Answer % Correct
be
100%
go
100%
I
100%
love
100%
The
100%
the
100%
to
100%
want
100%
you
100%
and
91%
can
91%
Can't
91%
me
91%
see
91%
us
91%
where
91%
your
91%
all
82%
Could
82%
if
82%
is
82%
it
82%
that
82%
up
82%
with
82%
am
73%
around
73%
eyes
73%
just
73%
Let
73%
Night
73%
Oh
73%
oh
73%
so
73%
take
73%
are
64%
off
64%
feel
55%
free
55%
never
55%
Dance
45%
lift
45%
calling
36%
falling
36%
music
36%
partner
36%
starting
36%
beat
27%
feet
27%
ground
27%
hope
27%
kick
27%
Pick
27%
Starry
27%
Fantasy
18%
killing
18%
willing
18%
No matching quizzes found
Score Distribution
Percent of People with Each Score
Percentile by Number Answered
Your Score History
You have not taken this quiz